UCI MEN'S WORLDTEAMS - Statistics

General Stats
  • This quiz has been taken 10 times
  • The average score is 15 of 18
Answer Stats
Hint Answer % Correct
UAD UAE Team Emirates XRG
100%
TVL Visma—Lease a Bike
100%
APT Alpecin—Premier Tech
88%
DCT Decathlon CMA CGM
88%
EFE EF Education—EasyPost
88%
IGD Ineos Grenadiers
88%
LTK Lidl—Trek
88%
MOV Movistar Team
88%
RBH Red Bull—Bora—Hansgrohe
88%
SOQ Soudal—Quick-Step
88%
TBV Team Bahrain Victorious
88%
JAY Team Jayco—AlUla
88%
UXM Uno-X Mobility
88%
XAT XDS Astana Team
88%
LOI Lotto—Intermarché
75%
GFG Groupama—FDJ United
63%
NSN NSN Cycling Team
63%
TPP Team Picnic—PostNL
63%
No matching quizzes found
Score Distribution
Percent of People with Each Score
Percentile by Number Answered
Your Score History
You have not taken this quiz